Snahy o vysokoškolské vzdelávanie učiteľov národných škôl pred vznikom pedagogických fakúlt

Snahy o vysokoškolské vzdelávanie učiteľov v období prvej Československej republiky. Vzdelávanie učiteľov národných škôl v období protektorátu Slovenského štátu. Uzákonenie vysokoškolského vzdelávania učiteľov národných škôl.

Enregistré dans:
Détails bibliographiques
Auteur principal: Kompoltová, Soňa
Format: Chapitre de livre
Langue:slovaque
Sujets:
Tags: Ajouter un tag
Pas de tags, Soyez le premier à ajouter un tag!

MARC

LEADER 00000nla$a2200000$$$4500
001 0072087
005 20240502071844.5
041 0 |a slo 
044 |a SK 
245 1 0 |a Snahy o vysokoškolské vzdelávanie učiteľov národných škôl pred vznikom pedagogických fakúlt  |c Soňa Kompoltová 
520 |a Snahy o vysokoškolské vzdelávanie učiteľov v období prvej Československej republiky. Vzdelávanie učiteľov národných škôl v období protektorátu Slovenského štátu. Uzákonenie vysokoškolského vzdelávania učiteľov národných škôl. 
610 2 0 |a vzdelávanie vysokoškolské 
610 2 0 |a učitelia 
610 2 0 |a pedagogika 
610 2 0 |a výchova 
610 2 0 |a vyučovanie 
610 2 0 |a história 
610 2 0 |a školy vysoké 
610 2 0 |a legislatíva 
100 1 |a Kompoltová, Soňa